| 000 | 00722nam a2200193Ii 4500 | ||
|---|---|---|---|
| 003 | JO-AjNU | ||
| 008 | 230605s9999||||xx |||||||||||||| ||und|| | ||
| 040 |
_aJO-AjNU _bara _erda _cJO-AjNU |
||
| 041 | _aara | ||
| 050 | 1 | 4 | _aHN40.M6.F34 1988 |
| 100 | 3 |
_aفهمي، محمد سيد, _eauthor _918388 |
|
| 245 | 0 | 0 | _aمدخل الى الرعاية الاجتماعية من منظور اسلامي |
| 264 | 3 | 1 | _aالاسكندرية: المكتب الجامعي الحديث، 1988 |
| 300 |
_a210ص _bيحتوي على ببلوغرافية من 205-210ص |
||
| 336 |
_atext _btxt _2rdacontent |
||
| 337 |
_aunmediated _bn _2rdamedia |
||
| 338 |
_avolume _bnc _2rdacarrier |
||
| 650 | 4 |
_aالإسلام والمجتمع _918389 |
|
| 999 |
_aA5871 _c9439 _d9439 |
||